Tallest Pokémon Quiz - Statistics

General Stats
  • This quiz has been taken 19 times
  • The average score is 4 of 10
Answer Stats
Meters Answer Feet % Correct
20.0 m Eternatus 65'07''
73%
14.5 m Wailord 47'07''
55%
8.8 m Onix 28'10''
45%
9.2 m Celesteela 30'02''
36%
10.8 m Mega Rayquaza 35'05''
36%
9.2 m Steelix 30'02''
36%
12.0 m Dondozo 39'04''
27%
9.8 m Primal Kyogre 32'02''
27%
10.9 m Alolan Exeggutor 35'09''
18%
10.5 m Mega Steelix 34'05''
18%
No matching quizzes found
Score Distribution
Percent of People with Each Score
Percentile by Number Answered
Your Score History
You have not taken this quiz